000 00470nam a22001697a 4500
003 NUST - PNEC
005 20170116181014.0
008 150913b xxu||||| |||| 00| 0 eng d
020 _a0830639004
040 _cLIBRARY
082 _a621.381957 HOR
100 _910344
_aHordeski, Michael F.
245 _aRepairing IBM PCs and compatibles : an illustrated guide
_cMichael F. Hordeski
260 _cc.1992
650 _910346
_aCompatibles
_xEL, EE
942 _2ddc
_cBK
999 _c67190
_d67190